| 000 | 00885cam a2200313Mi 4500 | ||
|---|---|---|---|
| 001 | 86911 | ||
| 005 | 20230411090045.0 | ||
| 008 | 080513r20082006fr 000 0 fre d | ||
| 035 | _a(OCoLC)ocn230863749 | ||
| 040 |
_aTZT _cTZT _dBTCTA |
||
| 020 | _a9782253122203 | ||
| 020 | _a2253122203 | ||
| 029 | 0 |
_aTZT _bJTL00224822 |
|
| 035 | _a(OCoLC)230863749 | ||
| 072 | 7 |
_aH _2lcco |
|
| 082 | 1 | 4 |
_a300 _21 |
| 049 | _aGRAL | ||
| 100 | 1 | _aAttali, Jacques. | |
| 245 | 1 | 0 |
_aUne breve histoire de l'avenir / _cJacques Attali. |
| 260 |
_aParis : _bLibrairie Artheme Fayard, _c2006. |
||
| 300 | _a312 p. | ||
| 440 | 3 |
_aLe livre de poche ; _v30985 |
|
| 653 |
_aNext fifty years _aForecast _aEssay |
||
| 938 |
_aJean Touzot Libraire Editeur _bTOUZ _nJTL00224822 _c6,50 EUR |
||
| 938 |
_aBaker and Taylor _bBTCP _nBK0008394260 |
||
| 942 |
_2lcc _cbk |
||
| 994 |
_aC0 _bDRFGD |
||
| 946 | _aJP | ||
| 999 |
_c111712 _d111712 |
||